Clima organizacional en Colombia : (Registro nro. 6104)
[ vista simple ]
| 000 -LEADER | |
|---|---|
| fixed length control field | 01513nam a2200337Ia 4500 |
| 003 - CONTROL NUMBER IDENTIFIER | |
| control field | OSt |
| 005 - DATE AND TIME OF LATEST TRANSACTION | |
| control field | 20201022162352.0 |
| 008 - FIXED-LENGTH DATA ELEMENTS--GENERAL INFORMATION | |
| fixed length control field | 191128s2006 ck gr 000 0 spa d |
| 020 ## - INTERNATIONAL STANDARD BOOK NUMBER | |
| International Standard Book Number | 9588225876 |
| 040 ## - CATALOGING SOURCE | |
| Original cataloging agency | CO-JMCR |
| Transcribing agency | CO-JMCR |
| 041 0# - LANGUAGE CODE | |
| Language code of text/sound track or separate title | spa |
| 082 04 - DEWEY DECIMAL CLASSIFICATION NUMBER | |
| Classification number | 658.402 / |
| Item number | M252c |
| Edition number | 23 |
| 100 1# - MAIN ENTRY--PERSONAL NAME | |
| Personal name | Méndez Álvarez, Carlos Eduardo, |
| Relator term | autor |
| 9 (RLIN) | 11840 |
| 245 10 - TITLE STATEMENT | |
| Title | Clima organizacional en Colombia : |
| Remainder of title | el IMCOC: un método de análisis para su intervención / |
| Statement of responsibility, etc. | Carlos Eduardo Méndez Álvarez |
| 250 ## - EDITION STATEMENT | |
| Edition statement | Primera edición |
| 260 ## - PUBLICATION, DISTRIBUTION, ETC. | |
| Place of publication, distribution, etc. | Bogotá : |
| Name of publisher, distributor, etc. | Universidad del Rosario, |
| Date of publication, distribution, etc. | 2006. |
| 300 ## - PHYSICAL DESCRIPTION | |
| Extent | 142 páginas ; |
| Dimensions | 24 cm. |
| 300 ## - PHYSICAL DESCRIPTION | |
| Dimensions | 24 cm |
| 490 0# - SERIES STATEMENT | |
| Series statement | Lecciones de administración |
| 500 ## - GENERAL NOTE | |
| General note | Incluye datos biográficos del autor en solapa, notas a pie de páginas. |
| 504 ## - BIBLIOGRAPHY, ETC. NOTE | |
| Bibliography, etc. note | Bibliografía: páginas 139-143. |
| 505 0# - FORMATTED CONTENTS NOTE | |
| Formatted contents note | Referentes para la definición de clima organizacional -- Componentes del clima organizacional -- Metodología para la medición del clima organizacional -- Un instrumento para medir clima organizacional -- Estudios de clima organizacional con el IMCOC en Co |
| 520 ## - SUMMARY, ETC. | |
| Summary, etc. | Compila conceptos sobre el clima organizacional formulados por autores reconocidos,agrupa e identifica coincidencias, diferencias, componentes y variab |
| 546 ## - LANGUAGE NOTE | |
| Language note | spa |
| 650 24 - SUBJECT ADDED ENTRY--TOPICAL TERM | |
| Topical term or geographic name entry element | Clima organizacional |
| 9 (RLIN) | 11841 |
| 650 24 - SUBJECT ADDED ENTRY--TOPICAL TERM | |
| Topical term or geographic name entry element | Método |
| General subdivision | IMCOC |
| 9 (RLIN) | 11842 |
| 650 24 - SUBJECT ADDED ENTRY--TOPICAL TERM | |
| Topical term or geographic name entry element | Administración de empresas |
| 9 (RLIN) | 11843 |
| 650 24 - SUBJECT ADDED ENTRY--TOPICAL TERM | |
| Topical term or geographic name entry element | Liderazgo |
| 9 (RLIN) | 11844 |
| 650 24 - SUBJECT ADDED ENTRY--TOPICAL TERM | |
| Topical term or geographic name entry element | Toma de decisiones |
| 9 (RLIN) | 283 |
| 942 ## - ADDED ENTRY ELEMENTS (KOHA) | |
| Source of classification or shelving scheme | Dewey Decimal Classification |
| Koha item type | Books |
| Withdrawn status | Lost status | Source of classification or shelving scheme | Materials specified (bound volume or other part) | Damaged status | Not for loan | Home library | Current library | Shelving location | Date acquired | Source of acquisition | Full call number | Barcode | Date last seen | Copy number | Price effective from | Koha item type |
|---|---|---|---|---|---|---|---|---|---|---|---|---|---|---|---|---|
| Dewey Decimal Classification | Donación--15/04/2018-- | Biblioteca Pública José María del Castillo y Rada | Biblioteca Pública José María del Castillo y Rada | General Stacks | 11/28/2019 | Donación | 658.402 / M252c | 430012033 | 05/16/2024 | Ej.1 | 11/28/2019 | Books |